| 000 | 00413nam a2200181Ia 4500 | ||
|---|---|---|---|
| 003 | 0STCL | ||
| 008 | 150530s9999 xx 000 0 und d | ||
| 040 |
_aSTCL _cSTCL |
||
| 100 | _aKesava Dev, P | ||
| 245 | _aNati | ||
| 250 | _a6 | ||
| 260 |
_bSahitya Pravarthaka Co Operative Society ; Kottaya _c1971 |
||
| 300 | _a0 | ||
| 546 | _aMalayalam | ||
| 942 |
_2ddc _cBK |
||
| 999 |
_c72658 _d72658 |
||
| 005 | 20220125171517.0 | ||